000 00356 a2200157 4500
001 48845
020 _a8532236391
040 _cAnchieta - Bela Vista
100 _aCasasanta, Therezinha
240 1 0 _aA vira-volta de Janjão
_lpor
245 1 0 _aA vira-volta de Janjão
300 _a31
362 0 _a1998
650 4 _aLiteratura infantil
942 _cBK
999 _c48845
_d48845